[Event "WchT Blitz Final"]
[Site "London"]
[Date "2025.06.15"]
[Round "2.1"]
[White "Duda, Jan Krzysztof"]
[Black "Svane, Frederik"]
[Result "1-0"]
[WhiteElo "2725"]
[BlackElo "2667"]
[PlyCount "53"]
[EventDate "2025.06.15"]
[EventType "team-k.o. (blitz)"]
[EventRounds "4"]
[EventCountry "ENG"]
[SourceTitle "CB25_2025"]
[SourceDate "2025.06.18"]
[SourceVersion "1"]
[SourceVersionDate "2025.06.18"]
[SourceQuality "1"]
[WhiteTeam "WR Chess"]
[BlackTeam "Germany and Friends"]
[WhiteTeamCountry "GER"]
[BlackTeamCountry "GER"]

1. e4 c5 2. Nf3 d6 3. d4 cxd4 4. Nxd4 Nf6 5. Nc3 a6 6. Bg5 e6 7. f4 Nbd7 8. Qf3 Qc7 9. 0-0-0 b5 10. a3 Be7 11. g4 Bb7 12. Bxf6 Bxf6 13. g5 Be7 14. h4 g6 15. Kb1 0-0-0 16. Bh3 Kb8 17. Bxe6 fxe6 18. Nxe6 Qc4 19. Nxd8 Rxd8 20. Nd5 Bf8 21. h5 Nc5 22. hxg6 hxg6 23. Rhe1 Ne6 24. Qe3 Bg7 25. Nf6 Nc5 26. e5 d5 27. Rd4 1-0

[Event "POL-chT Ekstraliga"]
[Site "Chotowa"]
[Date "2025.06.05"]
[Round "4.1"]
[White "Svane, Frederik"]
[Black "Volokitin, Andrei"]
[Result "1-0"]
[WhiteElo "2667"]
[BlackElo "2626"]
[PlyCount "63"]
[EventDate "2025.06.02"]
[EventType "team-tourn"]
[EventRounds "9"]
[EventCountry "POL"]
[SourceTitle "CB24_2025"]
[SourceDate "2025.06.11"]
[SourceVersion "1"]
[SourceVersionDate "2025.06.11"]
[SourceQuality "1"]
[WhiteTeam "Gliwice Akademia Szachowa"]
[BlackTeam "Pegow Wieza"]
[WhiteTeamCountry "POL"]
[BlackTeamCountry "POL"]

1. e4 c5 2. Nf3 d6 3. d4 cxd4 4. Nxd4 Nf6 5. Nc3 a6 6. Bc4 e6 7. Bb3 Nbd7 8. Qe2 Nc5 9. Bd2 b5 10. 0-0-0 Bb7 11. f3 Nfd7 12. h4 Be7 13. a3 Nxb3+ 14. cxb3 0-0 15. Kb1 Rc8 16. g4 d5 17. exd5 Nf6 18. h5 Nxd5 19. h6 g6 20. Nxd5 Bxd5 21. Rhe1 Re8 22. f4 Bf6 23. Bc3 Qe7 24. g5 Bh8 25. Nxb5 Rxc3 26. Nxc3 Bxb3 27. Rc1 Qb7 28. Ne4 Bd5 29. Qc2 Bxe4 30. Rxe4 a5 31. Rc4 f5 32. Rc8 1-0

[Event "GER-ch Blitz"]
[Site "Munich"]
[Date "2025.05.24"]
[Round "13"]
[White "Berchtenbreiter, Maximilian"]
[Black "Svane, Frederik"]
[Result "0-1"]
[WhiteElo "2471"]
[BlackElo "2671"]
[PlyCount "54"]
[EventDate "2025.05.24"]
[EventType "tourn (blitz)"]
[EventRounds "29"]
[EventCountry "GER"]
[EventCategory "6"]
[SourceTitle "CB22_2025"]
[SourceDate "2025.05.28"]
[SourceVersion "1"]
[SourceVersionDate "2025.05.28"]
[SourceQuality "1"]

1. g3 c5 2. Bg2 g6 3. c3 Bg7 4. d4 Qa5 5. Nd2 cxd4 6. Nb3 Qb6 7. cxd4 a5 8. Nf3 Nf6 9. 0-0 0-0 10. Nbd2 d5 11. b3 Nc6 12. e3 Bf5 13. Ne1 Rfc8 14. a3 e5 15. dxe5 Nxe5 16. Bb2 Ne4 17. Bd4 Qd6 18. Nef3 Nc3 19. Bxc3 Rxc3 20. Nd4 Bd3 21. Re1 Ba6 22. Bf1 Nd3 23. Nb1 Rc1 24. Qxc1 Nxc1 25. Bxa6 Bxd4 26. exd4 Nxb3 27. Bxb7 Rb8 0-1

[Event "GER-ch Blitz"]
[Site "Munich"]
[Date "2025.05.24"]
[Round "3"]
[White "Donchenko, Alexander"]
[Black "Svane, Frederik"]
[Result "1/2-1/2"]
[WhiteElo "2615"]
[BlackElo "2671"]
[PlyCount "89"]
[EventDate "2025.05.24"]
[EventType "tourn (blitz)"]
[EventRounds "29"]
[EventCountry "GER"]
[EventCategory "6"]
[SourceTitle "CB22_2025"]
[SourceDate "2025.05.28"]
[SourceVersion "1"]
[SourceVersionDate "2025.05.28"]
[SourceQuality "1"]

1. c4 Nf6 2. g3 e6 3. Bg2 d5 4. Nf3 d4 5. d3 Nc6 6. 0-0 Be7 7. e3 dxe3 8. Bxe3 e5 9. Nc3 0-0 10. Re1 h6 11. h3 Re8 12. Qd2 Bf5 13. Rad1 Bf8 14. g4 Be6 15. Qc2 Nd4 16. Bxd4 exd4 17. Ne2 Bb4 18. Nd2 c6 19. a3 Bxd2 20. Qxd2 Qd7 21. b4 h5 22. g5 Nh7 23. h4 Bg4 24. f3 Bf5 25. Ng3 Nf8 26. Nxh5 Ng6 27. Qf2 Rxe1+ 28. Rxe1 Bxd3 29. Rd1 Bxc4 30. Rxd4 Bd5 31. f4 Qg4 32. f5 Qxh5 33. fxg6 Qxg6 34. Bxd5 cxd5 35. Rxd5 Rc8 36. Qf5 Qb6+ 37. Rc5 Rd8 38. h5 Qd6 39. Rc8 Qd1+ 40. Kg2 Qe2+ 41. Kg1 Qe1+ 42. Kg2 Qd2+ 43. Kg1 Qd4+ 44. Kg2 Qd2+ 45. Kg1 1/2-1/2

[Event "GER-ch Blitz"]
[Site "Munich"]
[Date "2025.05.24"]
[Round "29"]
[White "Svane, Frederik"]
[Black "Eichenauer, Pascal"]
[Result "1-0"]
[WhiteElo "2671"]
[BlackElo "2048"]
[PlyCount "103"]
[EventDate "2025.05.24"]
[EventType "tourn (blitz)"]
[EventRounds "29"]
[EventCountry "GER"]
[EventCategory "6"]
[SourceTitle "CB22_2025"]
[SourceDate "2025.05.28"]
[SourceVersion "1"]
[SourceVersionDate "2025.05.28"]
[SourceQuality "1"]

1. e4 e5 2. Nf3 Nc6 3. Bb5 a6 4. Ba4 Nf6 5. 0-0 Be7 6. d3 b5 7. Bb3 0-0 8. Nc3 d6 9. a3 Be6 10. Nd5 Bxd5 11. exd5 Nd4 12. Nxd4 exd4 13. Qf3 Nd7 14. Re1 Bf6 15. Bd2 Ne5 16. Qe4 Qd7 17. h3 Rfe8 18. Qf4 Ng6 19. Qf3 Re5 20. Rxe5 Nxe5 21. Qe4 Ng6 22. Re1 Kf8 23. Ba5 Be5 24. c3 Re8 25. Kf1 Bf6 26. Qxe8+ Qxe8 27. Rxe8+ Kxe8 28. Bxc7 dxc3 29. bxc3 Kd7 30. Ba5 Nf4 31. d4 Bg5 32. h4 Bh6 33. a4 Nd3 34. axb5 axb5 35. g3 Bd2 36. Bc2 Nc1 37. Bxh7 g6 38. h5 gxh5 39. Bb1 Nb3 40. Ke2 Nxa5 41. Kxd2 Nc4+ 42. Kd3 Nb6 43. Ba2 Ke7 44. Bb3 Kf6 45. Ke4 Kg5 46. Bd1 Na4 47. Bxa4 bxa4 48. Kd3 Kf6 49. c4 Ke7 50. c5 Kd7 51. c6+ Kc7 52. Kc3 1-0

[Event "GER-ch Blitz"]
[Site "Munich"]
[Date "2025.05.24"]
[Round "23"]
[White "Svane, Frederik"]
[Black "Rosner, Jonas"]
[Result "1-0"]
[WhiteElo "2671"]
[BlackElo "2426"]
[PlyCount "35"]
[EventDate "2025.05.24"]
[EventType "tourn (blitz)"]
[EventRounds "29"]
[EventCountry "GER"]
[EventCategory "6"]
[SourceTitle "CB22_2025"]
[SourceDate "2025.05.28"]
[SourceVersion "1"]
[SourceVersionDate "2025.05.28"]
[SourceQuality "1"]

1. e4 c5 2. Nf3 e6 3. Be2 Nc6 4. 0-0 Qc7 5. c4 Nge7 6. Nc3 a6 7. d4 cxd4 8. Nxd4 Nxd4 9. Qxd4 Nc6 10. Qd3 Bd6 11. f4 0-0 12. e5 Be7 13. Ne4 f5 14. exf6 gxf6 15. b3 f5 16. Qg3+ Kh8 17. Bb2+ e5 18. fxe5 1-0

[Event "GER-ch Blitz"]
[Site "Munich"]
[Date "2025.05.24"]
[Round "21"]
[White "Svane, Frederik"]
[Black "Schneider, Ilja"]
[Result "1-0"]
[WhiteElo "2671"]
[BlackElo "2417"]
[PlyCount "67"]
[EventDate "2025.05.24"]
[EventType "tourn (blitz)"]
[EventRounds "29"]
[EventCountry "GER"]
[EventCategory "6"]
[SourceTitle "CB22_2025"]
[SourceDate "2025.05.28"]
[SourceVersion "1"]
[SourceVersionDate "2025.05.28"]
[SourceQuality "1"]

1. e4 e5 2. Nf3 Nc6 3. Bc4 Bc5 4. d3 d6 5. c3 a6 6. 0-0 Ba7 7. a4 h6 8. b4 Nge7 9. Be3 0-0 10. Nbd2 Kh8 11. Bxa7 Rxa7 12. Nh4 d5 13. exd5 Nxd5 14. Bxd5 Qxd5 15. Ne4 Qd8 16. Nf3 Bg4 17. h3 Bh5 18. Ng3 Bg6 19. b5 axb5 20. axb5 Bxd3 21. bxc6 Rxa1 22. Qxa1 Bxf1 23. Qxf1 f6 24. cxb7 Qd5 25. Qb1 Rb8 26. Nh4 Qxb7 27. Qf5 Qb1+ 28. Kh2 Qxf5 29. Nhxf5 Rb2 30. f3 Rc2 31. Ne4 Kg8 32. h4 h5 33. Ne7+ Kh7 34. Kg3 1-0

[Event "GER-ch Blitz"]
[Site "Munich"]
[Date "2025.05.24"]
[Round "10"]
[White "Svane, Frederik"]
[Black "Zuferi, Enis"]
[Result "1-0"]
[WhiteElo "2671"]
[BlackElo "2351"]
[PlyCount "57"]
[EventDate "2025.05.24"]
[EventType "tourn (blitz)"]
[EventRounds "29"]
[EventCountry "GER"]
[EventCategory "6"]
[SourceTitle "CB22_2025"]
[SourceDate "2025.05.28"]
[SourceVersion "1"]
[SourceVersionDate "2025.05.28"]
[SourceQuality "1"]

1. e4 c5 2. Nf3 e6 3. Be2 a6 4. 0-0 Nc6 5. c3 Nf6 6. e5 Nd5 7. d4 cxd4 8. cxd4 d6 9. a3 Be7 10. exd6 Bxd6 11. Nc3 0-0 12. Bd3 Nf6 13. Qe2 Ne7 14. Bg5 Ng6 15. Ne5 Be7 16. Rad1 Bd7 17. Qf3 Qc7 18. Rfe1 Bc6 19. Nxc6 bxc6 20. h4 Nd5 21. Bxe7 Ngxe7 22. Ne4 Rab8 23. Rd2 Nf5 24. Nc5 Qf4 25. Qxf4 Nxf4 26. Bxf5 exf5 27. Nxa6 Rbd8 28. Nc5 Rd5 29. g3 1-0

[Event "German Masters 96th"]
[Site "Munich"]
[Date "2025.05.22"]
[Round "8"]
[White "Svane, Frederik"]
[Black "Kraemer, Martin"]
[Result "1-0"]
[WhiteElo "2671"]
[BlackElo "2581"]
[PlyCount "89"]
[EventDate "2025.05.15"]
[EventType "tourn"]
[EventRounds "9"]
[EventCountry "GER"]
[EventCategory "15"]
[SourceTitle "CB22_2025"]
[SourceDate "2025.05.28"]
[SourceVersion "1"]
[SourceVersionDate "2025.05.28"]
[SourceQuality "1"]

1. e4 c5 2. Nf3 d6 3. d4 cxd4 4. Nxd4 Nf6 5. Nc3 a6 6. Be3 e5 7. Nb3 Be6 8. f3 h5 9. Qd2 Nbd7 10. 0-0-0 Be7 11. Kb1 b5 12. Nd5 Bxd5 13. exd5 Nb6 14. Bxb6 Qxb6 15. Na5 Rc8 16. c4 bxc4 17. Nxc4 Qc5 18. Na5 Qb6 19. Nc6 Nd7 20. Bd3 Bf6 21. Bf5 Rc7 22. Bxd7+ Rxd7 23. Rhe1 Rb7 24. Re4 Bg5 25. Nxe5 Bxd2 26. Nc4+ Kd7 27. Nxb6+ Rxb6 28. Rxd2 Re8 29. Rxe8 Kxe8 30. Rd4 a5 31. a4 Kd7 32. Kc2 Rb8 33. b4 axb4 34. Kb3 Ra8 35. Rxb4 Kc7 36. Rc4+ Kd7 37. Rb4 Kc7 38. Rb5 Re8 39. a5 Re3+ 40. Kb4 Re2 41. a6 Rb2+ 42. Kc4 Rxg2 43. Rb7+ Kc8 44. Rxf7 Kb8 45. h3 1-0

[Event "German Masters 96th"]
[Site "Munich"]
[Date "2025.05.20"]
[Round "6"]
[White "Dobrikov, Marco"]
[Black "Svane, Frederik"]
[Result "0-1"]
[WhiteElo "2404"]
[BlackElo "2671"]
[PlyCount "168"]
[EventDate "2025.05.15"]
[EventType "tourn"]
[EventRounds "9"]
[EventCountry "GER"]
[EventCategory "15"]
[SourceTitle "CB22_2025"]
[SourceDate "2025.05.28"]
[SourceVersion "1"]
[SourceVersionDate "2025.05.28"]
[SourceQuality "1"]

1. c4 g6 2. Nc3 Bg7 3. g3 Nf6 4. Bg2 0-0 5. Nf3 Nc6 6. 0-0 d5 7. cxd5 Nxd5 8. d4 Rb8 9. e4 Nxc3 10. bxc3 e5 11. d5 Na5 12. Ba3 Re8 13. Bb4 Nc4 14. Nd2 Nxd2 15. Qxd2 b6 16. c4 c5 17. Bc3 Ba6 18. Qd3 b5 19. f4 b4 20. Bb2 Qd6 21. f5 gxf5 22. Rxf5 Bc8 23. Rf2 a5 24. Raf1 Rb7 25. Qd1 Rf8 26. Bc1 Rc7 27. Bg5 f6 28. Be3 Bd7 29. Qh5 a4 30. Bh3 Bxh3 31. Qxh3 b3 32. axb3 axb3 33. Rb1 Rb8 34. Rfb2 Rcb7 35. Qf1 Bf8 36. Qd1 Qd7 37. Rxb3 Rxb3 38. Rxb3 Rxb3 39. Qxb3 Qg4 40. Qc2 Qf3 41. Bf2 Bd6 42. h4 Kf7 43. Kf1 f5 44. exf5 e4 45. Qe2 Qh1+ 46. Bg1 Qh3+ 47. Qg2 Qg4 48. Bf2 Be5 49. Kg1 Bd4 50. Bxd4 cxd4 51. c5 d3 52. d6 Qd1+ 53. Qf1 Qc2 54. d7 Qxc5+ 55. Kg2 Qd5 56. Qf4 e3+ 57. Qf3 Qxd7 58. Qxe3 d2 59. Qb3+ Ke7 60. Qd1 Qd3 61. Kf2 Kf6 62. g4 Ke5 63. Qa1+ Kd6 64. Qd1 Ke5 65. Qa1+ Kd5 66. Qd1 Ke4 67. Qa4+ Ke5 68. Qa1+ Ke4 69. Qa4+ Kd5 70. Qd1 Kd4 71. Qa1+ Qc3 72. Qa4+ Kd3 73. Kf3 Qc2 74. Qd7+ Kc3 75. Qg7+ Kb3 76. Qb7+ Ka3 77. Kf4 d1Q 78. Kg5 Qc4 79. Qa7+ Kb3 80. Qb7+ Kc3 81. Qg7+ Qdd4 82. Qb7 Qg8+ 83. Kh6 Qf6+ 84. Kh5 Qfg6+ 0-1

[Event "German Masters 96th"]
[Site "Munich"]
[Date "2025.05.19"]
[Round "5"]
[White "Svane, Frederik"]
[Black "Donchenko, Alexander"]
[Result "1/2-1/2"]
[WhiteElo "2671"]
[BlackElo "2615"]
[PlyCount "68"]
[EventDate "2025.05.15"]
[EventType "tourn"]
[EventRounds "9"]
[EventCountry "GER"]
[EventCategory "15"]
[SourceTitle "CB22_2025"]
[SourceDate "2025.05.28"]
[SourceVersion "1"]
[SourceVersionDate "2025.05.28"]
[SourceQuality "1"]

1. e4 e5 2. Nf3 Nc6 3. Bb5 a6 4. Ba4 Nf6 5. 0-0 Bc5 6. c3 b5 7. Bb3 d6 8. a4 Bg4 9. h3 Bxf3 10. Qxf3 Na5 11. Ba2 b4 12. cxb4 Bxb4 13. d3 0-0 14. Nc3 Nc6 15. Bg5 Nd4 16. Qd1 c6 17. f4 exf4 18. Rxf4 Ne6 19. Bxe6 fxe6 20. Qb3 Bc5+ 21. Kh1 Qe7 22. Ne2 h6 23. Bxf6 Rxf6 24. Rxf6 Qxf6 25. Rd1 a5 26. d4 Bb4 27. Ng1 d5 28. Qc2 Rc8 29. exd5 exd5 30. Nf3 Bd6 31. Qc3 Bb4 32. Qe3 Bd6 33. Qc3 Bb4 34. Qe3 Bd6 1/2-1/2

[Event "German Masters 96th"]
[Site "Munich"]
[Date "2025.05.17"]
[Round "3"]
[White "Svane, Frederik"]
[Black "Bluebaum, Matthias"]
[Result "1/2-1/2"]
[WhiteElo "2671"]
[BlackElo "2660"]
[PlyCount "173"]
[EventDate "2025.05.15"]
[EventType "tourn"]
[EventRounds "9"]
[EventCountry "GER"]
[EventCategory "15"]
[SourceTitle "CB22_2025"]
[SourceDate "2025.05.28"]
[SourceVersion "1"]
[SourceVersionDate "2025.05.28"]
[SourceQuality "1"]

1. Nf3 d5 2. g3 g6 3. d4 Bg7 4. c4 dxc4 5. Bg2 Nf6 6. Na3 0-0 7. 0-0 c5 8. dxc5 c3 9. Nb5 Na6 10. Nxc3 Nxc5 11. Be3 Nce4 12. Nxe4 Nxe4 13. Bd4 Bxd4 14. Qxd4 Qxd4 15. Nxd4 Nd6 16. Rac1 Rd8 17. Rfd1 Bd7 18. f4 Rac8 19. Kf2 Kg7 20. b3 a5 21. e4 Nb5 22. Ne2 Bg4 23. Bf3 Rxd1 24. Rxd1 h5 25. Ke3 Bxf3 26. Kxf3 Rc2 27. Rd7 Nc3 28. Nd4 Rxa2 29. Rxe7 Rd2 30. Ke3 Rxh2 31. Kd3 Rh3 32. Kxc3 Rxg3+ 33. Kd2 h4 34. e5 Kf8 35. Rc7 h3 36. Rc1 b5 37. Nxb5 Rxb3 38. Nd4 Rg3 39. Ke2 a4 40. Kf2 Rg2+ 41. Kf3 a3 42. Ne2 a2 43. Ra1 g5 44. fxg5 Rxg5 45. Ng3 Rxe5 46. Rxa2 Rb5 47. Kg4 f5+ 48. Nxf5 Rb1 49. Kf4 h2 50. Rxh2 Kf7 51. Ke5 Re1+ 52. Kd5 Rd1+ 53. Nd4 Ke7 54. Rf2 Kd7 55. Rf7+ Ke8 56. Ra7 Kd8 57. Ke5 Kc8 58. Rh7 Kd8 59. Nc6+ Kc8 60. Ne7+ Kd8 61. Nd5 Ke8 62. Kd6 Kf8 63. Rd7 Ke8 64. Ra7 Kf8 65. Ra3 Kf7 66. Rf3+ Ke8 67. Rf2 Rd3 68. Ke6 Rd1 69. Re2 Kd8 70. Rb2 Re1+ 71. Kd6 Ke8 72. Rf2 Rd1 73. Rf3 Rd2 74. Rf1 Rd3 75. Ke6 Rd2 76. Re1 Kd8 77. Rg1 Re2+ 78. Kd6 Ke8 79. Nf4 Rd2+ 80. Ke6 Kd8 81. Rc1 Ra2 82. Rd1+ Ke8 83. Kf6 Rf2 84. Rd4 Rf1 85. Ke5 Re1+ 86. Re4 Rxe4+ 87. Kxe4 1/2-1/2

[Event "German Masters 96th"]
[Site "Munich"]
[Date "2025.05.15"]
[Round "1"]
[White "Svane, Frederik"]
[Black "Wagner, Dennis"]
[Result "0-1"]
[WhiteElo "2671"]
[BlackElo "2616"]
[PlyCount "134"]
[EventDate "2025.05.15"]
[EventType "tourn"]
[EventRounds "9"]
[EventCountry "GER"]
[EventCategory "15"]
[SourceTitle "CB22_2025"]
[SourceDate "2025.05.28"]
[SourceVersion "1"]
[SourceVersionDate "2025.05.28"]
[SourceQuality "1"]

1. e4 e5 2. Nf3 Nc6 3. Bb5 a6 4. Ba4 Nf6 5. 0-0 Nxe4 6. d4 b5 7. Bb3 d5 8. dxe5 Be6 9. c3 Be7 10. Nbd2 Nc5 11. Bc2 d4 12. Nb3 d3 13. Bb1 Nxb3 14. axb3 Bf5 15. b4 0-0 16. Bf4 Qd7 17. h3 Rfd8 18. Re1 a5 19. bxa5 Rxa5 20. Rxa5 Nxa5 21. Nd4 g5 22. Ba2 Nc4 23. Bd2 h6 24. Bxc4 bxc4 25. Qf3 Be6 26. Nc6 Rc8 27. Nxe7+ Qxe7 28. Qh5 Qf8 29. h4 Rb8 30. hxg5 Rxb2 31. gxh6 Kh7 32. Qd1 Qg8 33. Re3 Qg4 34. Qc1 Rb8 35. Qe1 Rb2 36. Qc1 Rb8 37. Qe1 Rb2 38. Re4 Qg6 39. f3 Ra2 40. Kh2 Qh5+ 41. Rh4 Qg6 42. Qe3 Ra1 43. Qf2 Ra2 44. Qe1 Rb2 45. Rf4 Qh5+ 46. Kg1 Rb5 47. Re4 Rb2 48. Rh4 Qg6 49. Rf4 Qg8 50. Kh2 Ra2 51. Rf6 Bd5 52. Qe3 Kh8 53. g4 Bxf3 54. Rxf3 Qxg4 55. Rf1 Qe2+ 56. Qxe2 dxe2 57. Re1 Rxd2 58. Kg3 Kh7 59. Kf4 Kxh6 60. Kf5 Kg7 61. Kg5 Kf8 62. Kf6 Ke8 63. e6 fxe6 64. Kxe6 Kd8 65. Ke5 Kd7 66. Ke4 Kc6 67. Ke3 Rd8 0-1

[Event "Titled Tuesday intern op 06th May Early"]
[Site "Chess.com INT"]
[Date "2025.05.06"]
[Round "10"]
[White "Carlsen, Magnus"]
[Black "Svane, Frederik"]
[Result "1-0"]
[WhiteElo "2837"]
[BlackElo "2671"]
[PlyCount "62"]
[EventDate "2025.05.06"]
[EventType "swiss (blitz)"]
[EventRounds "11"]
[EventCountry "USA"]
[SourceTitle "CB20_2025"]
[SourceDate "2025.05.14"]
[SourceVersion "1"]
[SourceVersionDate "2025.05.14"]
[SourceQuality "1"]

1. Nf3 d5 2. g3 Nf6 3. Bg2 e6 4. 0-0 Bd6 5. d4 0-0 6. c4 Nbd7 7. Qc2 c6 8. Nbd2 Re8 9. Rd1 Qe7 10. e4 e5 11. exd5 cxd5 12. cxd5 e4 13. Re1 Nb6 14. Ng5 Bf5 15. Ndxe4 h6 16. Nxf6+ Qxf6 17. Ne4 Qg6 18. Bd2 Nxd5 19. Qb3 Bxe4 20. Bxe4 Rxe4 21. Qxd5 Rae8 22. Qxb7 Rxe1+ 23. Rxe1 Rxe1+ 24. Bxe1 Qb1 25. Kf1 Qxa2 26. Qc6 Bf8 27. Bc3 a5 28. Kg2 a4 29. d5 a3 30. Qa8 Qc4 31. d6 Qd5+ 1-0

[Event "Titled Tuesday intern op 06th May Early"]
[Site "Chess.com INT"]
[Date "2025.05.06"]
[Round "3"]
[White "Gordon, Frederick"]
[Black "Svane, Frederik"]
[Result "0-1"]
[WhiteElo "2397"]
[BlackElo "2671"]
[PlyCount "140"]
[EventDate "2025.05.06"]
[EventType "swiss (blitz)"]
[EventRounds "11"]
[EventCountry "USA"]
[SourceTitle "CB20_2025"]
[SourceDate "2025.05.14"]
[SourceVersion "1"]
[SourceVersionDate "2025.05.14"]
[SourceQuality "1"]

1. e4 e6 2. d4 d5 3. Nd2 c5 4. Ngf3 cxd4 5. Nxd4 Nc6 6. Bb5 Bd7 7. Nxc6 bxc6 8. Bd3 Ne7 9. 0-0 Qc7 10. c4 Ng6 11. cxd5 cxd5 12. exd5 exd5 13. Re1+ Be7 14. Nf3 Qd6 15. Qe2 Be6 16. Bb5+ Bd7 17. Bd3 Be6 18. Nd4 0-0 19. Nxe6 fxe6 20. Qxe6+ Qxe6 21. Rxe6 Bf6 22. Rb1 Bd4 23. Be3 Nf4 24. Bxf4 Rxf4 25. Re2 Raf8 26. Rf1 g6 27. b3 Bb6 28. Bc2 Kg7 29. g3 Rf3 30. Kg2 R8f7 31. Rd2 Be3 32. Re2 Bb6 33. h4 h6 34. Bd1 g5 35. hxg5 hxg5 36. Rd2 R3f6 37. Bg4 Be3 38. Re2 d4 39. Bh5 Rf8 40. f3 Rc6 41. Rd1 Rfc8 42. Bg4 Rc2 43. Rde1 d3 44. Rxc2 Rxc2+ 45. Kf1 Rf2+ 46. Kg1 Re2+ 47. Kf1 Rf2+ 48. Kg1 d2 49. Rxe3 d1Q+ 50. Kxf2 Qd4 51. Bf5 Kf6 52. g4 Qb6 53. Ke2 Qd4 54. Kf2 Kf7 55. Be6+ Kg7 56. Bc4 a5 57. a4 Kf6 58. Ke2 Qb2+ 59. Kd3 Qb1+ 60. Kd4 Qg1 61. Ke4 Qb1+ 62. Kd5 Qd1+ 63. Rd3 Qg1 64. Kc6 Ke5 65. Rd5+ Kf6 66. Rxa5 Qe3 67. Rf5+ Ke7 68. a5 Qe1 69. a6 Qa1 70. a7 Qd4 0-1

[Event "Titled Tuesday intern op 06th May Early"]
[Site "Chess.com INT"]
[Date "2025.05.06"]
[Round "1"]
[White "Shafer, Logan Clark"]
[Black "Svane, Frederik"]
[Result "0-1"]
[WhiteElo "2291"]
[BlackElo "2671"]
[PlyCount "80"]
[EventDate "2025.05.06"]
[EventType "swiss (blitz)"]
[EventRounds "11"]
[EventCountry "USA"]
[SourceTitle "CB20_2025"]
[SourceDate "2025.05.14"]
[SourceVersion "1"]
[SourceVersionDate "2025.05.14"]
[SourceQuality "1"]

1. e4 e6 2. d4 d5 3. Nc3 Nf6 4. e5 Nfd7 5. f4 c5 6. Nf3 Nc6 7. Be3 Be7 8. Be2 0-0 9. 0-0 f6 10. exf6 Nxf6 11. dxc5 Ng4 12. Bd4 Rxf4 13. h3 Nxd4 14. Nxd4 Ne3 15. Qd2 Rxd4 16. Qxd4 Nxc2 17. Qf4 Nxa1 18. Qf7+ Kh8 19. Bd3 Bd7 20. Qh5 Bxc5+ 21. Kh1 Qg8 22. Rxa1 Rf8 23. Re1 Bd6 24. Nb5 Bb8 25. Nd4 e5 26. Ne2 e4 27. Bb1 Qf7 28. Qh4 h6 29. Ng1 Bc6 30. b4 Qc7 31. g3 Qxg3 32. Qxg3 Bxg3 33. Rd1 d4 34. b5 Bxb5 35. Bxe4 Bf2 36. Bxb7 d3 37. Be4 Rd8 38. Kg2 Bxg1 39. Kxg1 d2 40. Kf2 Ba4 0-1

[Event "Titled Tuesday intern op 06th May Early"]
[Site "Chess.com INT"]
[Date "2025.05.06"]
[Round "2"]
[White "Svane, Frederik"]
[Black "Warchol, Kamil"]
[Result "1-0"]
[WhiteElo "2671"]
[BlackElo "2079"]
[PlyCount "85"]
[EventDate "2025.05.06"]
[EventType "swiss (blitz)"]
[EventRounds "11"]
[EventCountry "USA"]
[SourceTitle "CB20_2025"]
[SourceDate "2025.05.14"]
[SourceVersion "1"]
[SourceVersionDate "2025.05.14"]
[SourceQuality "1"]

1. e4 c5 2. Nf3 e6 3. Be2 Nc6 4. 0-0 Nf6 5. Nc3 Be7 6. d4 cxd4 7. Nxd4 d6 8. Be3 0-0 9. a3 a6 10. Kh1 Qc7 11. f4 Na5 12. Qe1 b5 13. Rd1 Bb7 14. Bd3 Nc4 15. Bc1 Rac8 16. Rf3 Nxa3 17. Rh3 e5 18. fxe5 dxe5 19. Nf5 Nc4 20. Bh6 Ne8 21. Bxc4 bxc4 22. Bxg7 Nxg7 23. Qg3 Bf6 24. Rf1 Qd8 25. Rh6 Kh8 26. Qh3 Nxf5 27. Rxf5 Qd2 28. Rxh7+ Kg8 29. Qg4+ Kxh7 30. Rh5+ Qh6 31. Qf5+ Kg7 32. Rxh6 Kxh6 33. Qxf6+ Kh7 34. Qxe5 Rcd8 35. h3 Bc8 36. Nd5 Be6 37. Nf6+ Kg6 38. Qf4 Rg8 39. e5 Rh8 40. Kh2 Kg7 41. Qg5+ Kf8 42. Ne4 Rd5 43. Nf6 1-0

[Event "Titled Tuesday intern op 01st Apr Late"]
[Site "Chess.com INT"]
[Date "2025.04.01"]
[Round "2"]
[White "Karas, Marek"]
[Black "Svane, Frederik"]
[Result "0-1"]
[WhiteElo "2175"]
[BlackElo "2668"]
[PlyCount "82"]
[EventDate "2025.04.01"]
[EventType "swiss (blitz)"]
[EventRounds "11"]
[EventCountry "USA"]
[SourceTitle "CB15_2025"]
[SourceDate "2025.04.09"]
[SourceVersion "1"]
[SourceVersionDate "2025.04.09"]
[SourceQuality "1"]

1. d4 Nf6 2. Bg5 b6 3. Bxf6 exf6 4. Nf3 Qe7 5. e3 Qb4+ 6. Nbd2 Qxb2 7. Bd3 Qa3 8. 0-0 Bb7 9. e4 Bb4 10. Nc4 Qa4 11. Ne3 g6 12. Nd5 Bxd5 13. exd5 0-0 14. Qc1 Kg7 15. c3 Bd6 16. c4 Na6 17. Re1 Nb4 18. Qd1 Qxd1 19. Raxd1 Nxa2 20. Bc2 Rfe8 21. Ra1 Nb4 22. Ba4 Rxe1+ 23. Rxe1 Nd3 24. Re2 Rd8 25. g3 a6 26. Rc2 Nb4 27. Rc1 b5 28. cxb5 axb5 29. Bxb5 Nxd5 30. Bc4 Nb6 31. Bb3 Ra8 32. Nd2 Ra3 33. Bc4 Nxc4 34. Nxc4 Ra6 35. Ne3 f5 36. Kg2 f4 37. Nd5 fxg3 38. hxg3 c6 39. Nc3 Be7 40. d5 Bf6 41. Ne4 cxd5 0-1